La participación de los organismos sindicales de la institución universitaria venezolana en las luchas hacia la toma del poder político /

Gespeichert in:
Bibliographische Detailangaben
1. Verfasser: Aguilar, Luis
Format: Text
Tags: Tag hinzufügen
Keine Tags, Fügen Sie den ersten Tag hinzu!

MARC

LEADER 00000 a a2200000 04500
001 43801
003
040
100 |a Aguilar, Luis  
245 |a La participación de los organismos sindicales de la institución universitaria venezolana en las luchas hacia la toma del poder político /  |c Luis Aguilar  
773 |g páginas 183-192  
999 |c 21389  |d 21389